<?xml version="1.0" encoding="UTF-8"?>
<record
    xmlns:xsi="http://www.w3.org/2001/XMLSchema-instance"
    xsi:schemaLocation="http://www.loc.gov/MARC21/slim http://www.loc.gov/standards/marcxml/schema/MARC21slim.xsd"
    xmlns="http://www.loc.gov/MARC21/slim">

  <leader>00522nam a22001817a 4500</leader>
  <datafield tag="952" ind1=" " ind2=" ">
    <subfield code="0">0</subfield>
    <subfield code="1">0</subfield>
    <subfield code="2">ddc</subfield>
    <subfield code="4">0</subfield>
    <subfield code="7">0</subfield>
    <subfield code="8"> Food technology </subfield>
    <subfield code="a">MES</subfield>
    <subfield code="b">MES</subfield>
    <subfield code="c">FOOD TECHNOLOGY</subfield>
    <subfield code="d">2022-11-10</subfield>
    <subfield code="g">535.00</subfield>
    <subfield code="l">2</subfield>
    <subfield code="o">576.163 FRA/F</subfield>
    <subfield code="p">41949</subfield>
    <subfield code="r">2023-09-12 15:40:54</subfield>
    <subfield code="s">2023-09-12</subfield>
    <subfield code="t">1</subfield>
    <subfield code="w">2022-11-10</subfield>
    <subfield code="y">BK</subfield>
    <subfield code="z">U20R2</subfield>
  </datafield>
  <datafield tag="952" ind1=" " ind2=" ">
    <subfield code="0">0</subfield>
    <subfield code="1">0</subfield>
    <subfield code="2">ddc</subfield>
    <subfield code="4">0</subfield>
    <subfield code="7">0</subfield>
    <subfield code="8"> Food technology </subfield>
    <subfield code="a">MES</subfield>
    <subfield code="b">MES</subfield>
    <subfield code="c">FOOD TECHNOLOGY</subfield>
    <subfield code="d">2022-11-10</subfield>
    <subfield code="g">535.00</subfield>
    <subfield code="l">0</subfield>
    <subfield code="o">576.163 FRA/F</subfield>
    <subfield code="p">41950</subfield>
    <subfield code="r">2022-11-10 00:00:00</subfield>
    <subfield code="t">2</subfield>
    <subfield code="w">2022-11-10</subfield>
    <subfield code="y">BK</subfield>
    <subfield code="z">U20R2</subfield>
  </datafield>
  <datafield tag="952" ind1=" " ind2=" ">
    <subfield code="0">0</subfield>
    <subfield code="1">0</subfield>
    <subfield code="2">ddc</subfield>
    <subfield code="4">0</subfield>
    <subfield code="7">0</subfield>
    <subfield code="8"> Food technology </subfield>
    <subfield code="a">MES</subfield>
    <subfield code="b">MES</subfield>
    <subfield code="c">FOOD TECHNOLOGY</subfield>
    <subfield code="d">2022-11-10</subfield>
    <subfield code="g">535.00</subfield>
    <subfield code="l">4</subfield>
    <subfield code="m">3</subfield>
    <subfield code="o">576.163 FRA/F</subfield>
    <subfield code="p">41951</subfield>
    <subfield code="r">2024-01-29 14:31:07</subfield>
    <subfield code="s">2024-01-29</subfield>
    <subfield code="t">3</subfield>
    <subfield code="w">2022-11-10</subfield>
    <subfield code="y">BK</subfield>
    <subfield code="z">U20R2</subfield>
  </datafield>
  <datafield tag="952" ind1=" " ind2=" ">
    <subfield code="0">0</subfield>
    <subfield code="1">0</subfield>
    <subfield code="2">ddc</subfield>
    <subfield code="4">0</subfield>
    <subfield code="7">0</subfield>
    <subfield code="8"> Food technology </subfield>
    <subfield code="a">MES</subfield>
    <subfield code="b">MES</subfield>
    <subfield code="c">FOOD TECHNOLOGY</subfield>
    <subfield code="d">2022-11-10</subfield>
    <subfield code="g">535.00</subfield>
    <subfield code="l">1</subfield>
    <subfield code="o">576.163 FRA/F</subfield>
    <subfield code="p">41952</subfield>
    <subfield code="r">2023-08-21 13:38:04</subfield>
    <subfield code="s">2023-08-03</subfield>
    <subfield code="t">4</subfield>
    <subfield code="w">2022-11-10</subfield>
    <subfield code="y">BK</subfield>
    <subfield code="z">U20R2</subfield>
  </datafield>
  <datafield tag="999" ind1=" " ind2=" ">
    <subfield code="c">41722</subfield>
    <subfield code="d">41722</subfield>
  </datafield>
  <controlfield tag="003">OSt</controlfield>
  <controlfield tag="005">20221105100955.0</controlfield>
  <controlfield tag="008">221103b           ||||| |||| 00| 0 eng d</controlfield>
  <datafield tag="020" ind1=" " ind2=" ">
    <subfield code="a">9781259062513</subfield>
  </datafield>
  <datafield tag="040" ind1=" " ind2=" ">
    <subfield code="c">oclc</subfield>
  </datafield>
  <datafield tag="082" ind1=" " ind2=" ">
    <subfield code="a">576.163</subfield>
    <subfield code="b">FRA/F</subfield>
  </datafield>
  <datafield tag="100" ind1=" " ind2=" ">
    <subfield code="a">Frazier, William C</subfield>
    <subfield code="9">9245</subfield>
  </datafield>
  <datafield tag="245" ind1=" " ind2=" ">
    <subfield code="a">Food microbiology /</subfield>
    <subfield code="c">Frazier,William C</subfield>
  </datafield>
  <datafield tag="250" ind1=" " ind2=" ">
    <subfield code="a">5e</subfield>
  </datafield>
  <datafield tag="260" ind1=" " ind2=" ">
    <subfield code="a">Chennai:</subfield>
    <subfield code="b">Mcgraw Hill eduction pvt ltd ,</subfield>
    <subfield code="c">2014</subfield>
  </datafield>
  <datafield tag="300" ind1=" " ind2=" ">
    <subfield code="a">492 pages</subfield>
  </datafield>
  <datafield tag="942" ind1=" " ind2=" ">
    <subfield code="2">ddc</subfield>
    <subfield code="c">BK</subfield>
    <subfield code="h">576.163</subfield>
    <subfield code="i">FRA/F</subfield>
    <subfield code="k">576.163</subfield>
    <subfield code="m">FRA/F</subfield>
  </datafield>
</record>
